000 00753nam a2200205Ii 4500
003 JO-AjNU
008 230605s9999||||xx |||||||||||||| ||und||
040 _aJO-AjNU
_bara
_erda
_cJO-AjNU
041 _aara
050 1 4 _aKMM49.J57.1985
100 3 _aاعداد المكتب الفني بادارة ابراهيم أبو رحمة ,
_eauthor
_946798
245 0 0 _aالمذكرات الايضاحية للقانون المدني الأردني، الجزء الأول
250 _a(د،ط)
264 3 1 _aعمان : نقابة المحامين ، 1985
300 _aج1، 813ص
336 _atext
_btxt
_2rdacontent
337 _aunmediated
_bn
_2rdamedia
338 _avolume
_bnc
_2rdacarrier
650 4 _aقانون مدني --الاردن
_946799
999 _aA20385
_c23953
_d23953